000 00453nam a22001577a 4500
003 CEME
005 20210628203310.0
008 210119b xxu||||| |||| 00| 0 eng d
040 _c.
082 _a956.7044 DAV
100 _aDAVIS, RICHARD.G
_964554
245 _aOn target;organizing and executing the strategic air campaign against iraq
260 _aUSA
_bAIR FORCE HISTORY AND MUSEUMS PROGRAM-USA
_c2002
300 _aXII, 383P
942 _cBK
_2ddc
999 _c573007
_d573007